| 000 | 00736nam a22002177a 4500 | ||
|---|---|---|---|
| 999 |
_c10428 _d10428 |
||
| 003 | AR-CdUCM | ||
| 008 | 190401b ||||| |||| 00| 0 eng d | ||
| 040 |
_aMUNICIPALIDAD PROVINCIAL DEL CUSCO _cBIBLIOTECA MUNICIPAL DEL CUSCO |
||
| 082 |
_a869.56 / _bC117P |
||
| 100 |
_aCabrera H. Alberto _927279 |
||
| 245 | _aPolemicuentos / | ||
| 260 |
_aLima : _bProgreso, _c1972. |
||
| 300 |
_a116 páginas ; _c19 cm. |
||
| 500 | _aDonación de la familia Nieto. Dedicatoria a Luis Nieto. | ||
| 505 | _aContenido: Solemnidad -- La fuga -- La voz de Ucku-Pacha -- Oración al marinero ... | ||
| 650 |
_aLiteratura Peruana _9132 |
||
| 650 |
_aSiglo XX _98 |
||
| 650 |
_aLiteratura Latinoamericana _9799 |
||
| 942 |
_2ddc _cLIBROS |
||
| 945 | _acmm | ||